Russian Nationalism : Imaginaries, Doctrines, and Political Battlefields (Record no. 90628)

MARC details
000 -LEADER
fixed length control field 01616nam a2200217Ia 4500
000 - LEADER
fixed length control field 02015naaa 00301uu
001 - CONTROL NUMBER
control field https://directory.doabooks.org/handle/20.500.12854/26697
005 - DATE AND TIME OF LATEST TRANSACTION
control field 20260218105952.0
008 - FIXED-LENGTH DATA ELEMENTS--GENERAL INFORMATION
fixed length control field 211013s9999 xx 000 0 und d
042 ## - AUTHENTICATION CODE
Authentication code dc
245 #0 - TITLE STATEMENT
Title Russian Nationalism : Imaginaries, Doctrines, and Political Battlefields
260 ## - PUBLICATION, DISTRIBUTION, ETC.
Name of publisher, distributor, etc. Taylor & Francis
Date of publication, distribution, etc. 2019
300 ## - PHYSICAL DESCRIPTION
Extent 1 electronic resource (256 p.)
520 ## - SUMMARY, ETC.
Summary, etc. This book, by one of the foremost authorities on the subject, explores the complex nature of Russian nationalism. It examines nationalism as a multilayered and multifaceted repertoire displayed by a myriad of actors. It considers nationalism as various concepts and ideas emphasizing Russia's distinctive national character, based on the country's geography, history, Orthodoxy, and Soviet technological advances. It analyzes the ideologies of Russia's ultra-nationalist and far-right groups, explores the use of nationalism in the conflict with Ukraine and the annexation of Crimea, and discusses how Putin's political opponents, including Alexei Navalny, make use of nationalism. Overall the book provides a rich analysis of a key force which is profoundly affecting political and societal developments both inside Russia and beyond.
540 ## - TERMS GOVERNING USE AND REPRODUCTION NOTE
Terms governing use and reproduction Creative Commons
653 ## - INDEX TERM--UNCONTROLLED
Uncontrolled term Russian studies
700 1# - ADDED ENTRY--PERSONAL NAME
Personal name Laruelle, Marlene
856 ## - ELECTRONIC LOCATION AND ACCESS
Uniform Resource Identifier <a href="https://docs.google.com/spreadsheets/d/1yKIrdCPDAG_9c22mwoOIO2DOhtj65Wqa/edit?usp=sharing&ouid=106555315294820607512&rtpof=true&sd=true ">https://docs.google.com/spreadsheets/d/1yKIrdCPDAG_9c22mwoOIO2DOhtj65Wqa/edit?usp=sharing&ouid=106555315294820607512&rtpof=true&sd=true </a>
Link text List of Curated E-Books
942 ## - ADDED ENTRY ELEMENTS (KOHA)
Koha item type E-Book

No items available.

University of Rizal System
Email us at univlibservices@urs.edu.ph

Visit our Website www.urs.edu.ph/library